000 01198naa a22001817a 4500
001 232580
003 ES-MaBCM
005 20260304113124.0
008 260304s2024 sp ||||| |||| 00| 0 spa d
040 _cES-MaBCM
100 1 _aOtero Parga, Milagros M.
_934789
245 1 3 _aEl desapego actual de la sociedad frente al derecho
_cMilagros Otero Parga
520 _aVivimos en una sociedad que muestra un gran desapego hacia el Derecho. Los ciudadanos no confían ni en sus legisladores, ni en sus jueces, ni en sus gobernantes. Se sienten engañados. Esta situación, nefasta de por sí, produce efectos que atentan gravemente contra la democracia y el Estado de Derecho. Urge cambiar esa dinámica, y es necesario hacerlo pronto, pues de otro modo, la convivencia se degradará hasta tal punto que será difícil, sino imposible, asegurar una coexistencia en paz y justicia, y, por lo mismo, se verá comprometido el derecho de los ciudadanos a vivir en democracia.
650 7 _aCiencia jurídica
_958276
650 7 _aEstado de Derecho
_958617
773 0 _dMadrid
_gN. 3 (jul.-sept. 2024), p. 431-453 - Loc. S.055
_tRevista general de legislación y jurisprudencia
_w104585
942 _2udc
_cAREV
999 _c232580
_d232580